Представление документа в формате RUSMARC

ПолеНазваниеЗначение
  Тип записи a
  Библиографический уровень m
001 Контрольный номер RU/SLIB/B/208737490
005 Дата корректировки 20241129124450.1
010 Индекс ISBN __
d Цена 0-75
101 Язык документа 0_
a Язык текста rus
200 Заглавие и сведения об ответственности 1_
a Заглавие Все о море
f Первые сведения об ответственности Зубков А. Е.; под ред. В. В. Дремлюга
b Общее обозначение материала Текст
210 Выходные данные 1_
a Место издания Киев
c Издательство Радян. шк.
d Дата издания 1986
215 Физическое описание __
a Объем 256 с.
606 Тематические рубрики __
a Основная рубрика Гидрология суши
606 Тематические рубрики __
a Основная рубрика Геофизика
606 Тематические рубрики __
a Основная рубрика Океанология
610 Ключевые слова 0_
a Ключевые слова моря; океаны; охрана вод; морской транспортный путь
686 Индексы других классификаций __
a Классификационный индекс 26.221
700 Автор _1
a Фамилия Зубков
b Имя А. Е.
4 Код отношения 070
801 Источник записи _0
a Страна RU
b Организация Муниципальное бюджетное учреждение культуры "Централизованная библиотечная система" г. Сургут (Центральная городская библиотека им. А. С. Пушкина)
g Правила каталогизации КиК/Уланова
801 Источник записи _1
a Страна RU
b Организация Муниципальное бюджетное учреждение культуры "Централизованная библиотечная система" г. Сургут (Центральная городская библиотека им. А. С. Пушкина)
g Правила каталогизации КиК/Уланова
852 Данные о местонахождении __
j Шифр хранения 26.221
c Каталожный индекс 26.221
i Авторский знак З-91
p Инвентарный номер 28837
901 Тип документа __
t Тип документа m
990 Данные о заказе (DOS) __
j Количество экземпляров (DOS) 1
t N записи в КСУ для И/У (DOS) 199101